zpět

Detail výsledku týmu

Sportklub Kostice, Kostice

Datum a čas kvízu

32.5 Celkem bodů Celkový počet nahraných bodů na tomto kvízu bez doplňovacích otázek.
6. Pořadí na kvízu Konečné umístění týmu na tomto kvízu.

Zaznamenané odpovědi

# Otázka Odpověď Body Výsledky
1. Který obchodní řetězec minulý... Billa 1
2. Rádio svobodná Evropa/Rádio Sv... v Maďarsku 1
3. Která česká kapela odehrála v... J.A.R. 0
4. Minulý týden došlo ke změně ma... nákupní centrum Palladium 0
5. Americký prezident Donald Trum... s Cristianem Ronaldem 1
6. Za půl bodu uveďte název ameri... Bratrstvo neohrožených/Band of Brothers; Richard „Dick“ Winters 0
7. Seřaďte následující vojenské h... 1D 2A 3C 4B 1
8. Po půl bodu můžete dostat za u... Karel Kryl; Bratříčku, zavírej vrátka 1
9. Uveďte jméno zobrazeného česko... Alois Eliáš 0
10. Ve kterém satirickém románu vy... Hlava XXII (Catch-22) 0